<?xml version="1.0" encoding="UTF-8"?>
<collection xmlns="http://www.loc.gov/MARC21/slim">
<record>
  <controlfield tag="001">360898</controlfield>
  <controlfield tag="005">20250825224915.0</controlfield>
  <datafield tag="024" ind1="7" ind2=" ">
    <subfield code="a">10.5281/ZENODO.16567229</subfield>
    <subfield code="2">doi</subfield>
  </datafield>
  <datafield tag="037" ind1=" " ind2=" ">
    <subfield code="a">GSI-2025-00913</subfield>
  </datafield>
  <datafield tag="041" ind1=" " ind2=" ">
    <subfield code="a">English</subfield>
  </datafield>
  <datafield tag="100" ind1="1" ind2=" ">
    <subfield code="a">René, Kalla</subfield>
    <subfield code="0">P:(DE-HGF)0</subfield>
    <subfield code="b">0</subfield>
    <subfield code="e">Corresponding author</subfield>
  </datafield>
  <datafield tag="245" ind1=" " ind2=" ">
    <subfield code="a">On-Shot Detection of Fission Isotopes of 238U, Produced by Laser-Driven X-Rays</subfield>
  </datafield>
  <datafield tag="260" ind1=" " ind2=" ">
    <subfield code="c">2025</subfield>
  </datafield>
  <datafield tag="336" ind1="7" ind2=" ">
    <subfield code="a">MISC</subfield>
    <subfield code="2">BibTeX</subfield>
  </datafield>
  <datafield tag="336" ind1="7" ind2=" ">
    <subfield code="a">Dataset</subfield>
    <subfield code="b">dataset</subfield>
    <subfield code="m">dataset</subfield>
    <subfield code="0">PUB:(DE-HGF)32</subfield>
    <subfield code="s">1756113630_820122</subfield>
    <subfield code="2">PUB:(DE-HGF)</subfield>
  </datafield>
  <datafield tag="336" ind1="7" ind2=" ">
    <subfield code="a">Chart or Table</subfield>
    <subfield code="0">26</subfield>
    <subfield code="2">EndNote</subfield>
  </datafield>
  <datafield tag="336" ind1="7" ind2=" ">
    <subfield code="a">Dataset</subfield>
    <subfield code="2">DataCite</subfield>
  </datafield>
  <datafield tag="336" ind1="7" ind2=" ">
    <subfield code="a">DATA_SET</subfield>
    <subfield code="2">ORCID</subfield>
  </datafield>
  <datafield tag="336" ind1="7" ind2=" ">
    <subfield code="a">ResearchData</subfield>
    <subfield code="2">DINI</subfield>
  </datafield>
  <datafield tag="520" ind1=" " ind2=" ">
    <subfield code="a">This dataset was collected during experiment P-21-00005 conducted at the PHELIX Laser Facility at GSI Helmholtzzentrum für Schwerionenforschung GmbH. This complete dataset supports the findings from the paper and is structured in the following way: - calibration_source.pdf /// Contains details about the calibration source used to support detector calibration. - detector_calibration.xlsx /// Provides all relevant data for calibrating the detector in terms of energy and efficiency. - photon_spectrum.xlsx /// Includes information on the generated bremsstrahlung photon spectrum. - README.txt /// Describes the structure and interpretation of the data_p2023_shot_{} files. - data_p2023_shot_{} /// A series of files containing measured event data from high-purity germanium detectors, including the decay spectra of the produced isotopes.</subfield>
  </datafield>
  <datafield tag="536" ind1=" " ind2=" ">
    <subfield code="a">631 - Matter – Dynamics, Mechanisms and Control (POF4-631)</subfield>
    <subfield code="0">G:(DE-HGF)POF4-631</subfield>
    <subfield code="c">POF4-631</subfield>
    <subfield code="f">POF IV</subfield>
    <subfield code="x">0</subfield>
  </datafield>
  <datafield tag="536" ind1=" " ind2=" ">
    <subfield code="a">EUROfusion - Implementation of activities described in the Roadmap to Fusion during Horizon Europe through a joint programme of the members of the EUROfusion consortium (101052200)</subfield>
    <subfield code="0">G:(EU-Grant)101052200</subfield>
    <subfield code="c">101052200</subfield>
    <subfield code="f">EURATOM-2021-ADHOC-IBA</subfield>
    <subfield code="x">1</subfield>
  </datafield>
  <datafield tag="536" ind1=" " ind2=" ">
    <subfield code="a">FAIR Phase-0 - FAIR Phase-0 Research Program (GSI-FAIR-Phase-0)</subfield>
    <subfield code="0">G:(Ds200)GSI-FAIR-Phase-0</subfield>
    <subfield code="c">GSI-FAIR-Phase-0</subfield>
    <subfield code="x">2</subfield>
  </datafield>
  <datafield tag="588" ind1=" " ind2=" ">
    <subfield code="a">Dataset connected to DataCite</subfield>
  </datafield>
  <datafield tag="693" ind1=" " ind2=" ">
    <subfield code="a">PTA</subfield>
    <subfield code="e">P-21-00005: Nuclear Excitation and Fission Studies with Short Pulsed Laser-Driven High Energy Gamma Rays (Station: PTA)</subfield>
    <subfield code="1">EXP:(DE-Ds200)PTA-20200803</subfield>
    <subfield code="0">EXP:(DE-Ds200)P-21-00005-20221208</subfield>
    <subfield code="5">EXP:(DE-Ds200)P-21-00005-20221208</subfield>
    <subfield code="x">0</subfield>
  </datafield>
  <datafield tag="700" ind1="1" ind2=" ">
    <subfield code="a">Boller, Pascal</subfield>
    <subfield code="0">P:(DE-Ds200)OR9386</subfield>
    <subfield code="b">1</subfield>
    <subfield code="u">gsi</subfield>
  </datafield>
  <datafield tag="700" ind1="1" ind2=" ">
    <subfield code="a">Tavana, Parysatis</subfield>
    <subfield code="0">P:(DE-Ds200)OR11292</subfield>
    <subfield code="b">2</subfield>
    <subfield code="u">gsi</subfield>
  </datafield>
  <datafield tag="773" ind1=" " ind2=" ">
    <subfield code="a">10.5281/ZENODO.16567229</subfield>
  </datafield>
  <datafield tag="909" ind1="C" ind2="O">
    <subfield code="o">oai:repository.gsi.de:360898</subfield>
    <subfield code="p">openaire</subfield>
    <subfield code="p">VDB</subfield>
    <subfield code="p">ec_fundedresources</subfield>
  </datafield>
  <datafield tag="910" ind1="1" ind2=" ">
    <subfield code="a">GSI Helmholtzzentrum für Schwerionenforschung GmbH</subfield>
    <subfield code="0">I:(DE-Ds200)20121206GSI</subfield>
    <subfield code="k">GSI</subfield>
    <subfield code="b">1</subfield>
    <subfield code="6">P:(DE-Ds200)OR9386</subfield>
  </datafield>
  <datafield tag="910" ind1="1" ind2=" ">
    <subfield code="a">GSI Helmholtzzentrum für Schwerionenforschung GmbH</subfield>
    <subfield code="0">I:(DE-Ds200)20121206GSI</subfield>
    <subfield code="k">GSI</subfield>
    <subfield code="b">2</subfield>
    <subfield code="6">P:(DE-Ds200)OR11292</subfield>
  </datafield>
  <datafield tag="913" ind1="1" ind2=" ">
    <subfield code="a">DE-HGF</subfield>
    <subfield code="b">Forschungsbereich Materie</subfield>
    <subfield code="l">Von Materie zu Materialien und Leben</subfield>
    <subfield code="1">G:(DE-HGF)POF4-630</subfield>
    <subfield code="0">G:(DE-HGF)POF4-631</subfield>
    <subfield code="3">G:(DE-HGF)POF4</subfield>
    <subfield code="2">G:(DE-HGF)POF4-600</subfield>
    <subfield code="4">G:(DE-HGF)POF</subfield>
    <subfield code="v">Matter – Dynamics, Mechanisms and Control</subfield>
    <subfield code="x">0</subfield>
  </datafield>
  <datafield tag="914" ind1="1" ind2=" ">
    <subfield code="y">2025</subfield>
  </datafield>
  <datafield tag="920" ind1=" " ind2=" ">
    <subfield code="l">yes</subfield>
  </datafield>
  <datafield tag="920" ind1="1" ind2=" ">
    <subfield code="0">I:(DE-Ds200)PPH-20051214OR027</subfield>
    <subfield code="k">PPH</subfield>
    <subfield code="l">Plasmaphysik / PHELIX</subfield>
    <subfield code="x">0</subfield>
  </datafield>
  <datafield tag="980" ind1=" " ind2=" ">
    <subfield code="a">dataset</subfield>
  </datafield>
  <datafield tag="980" ind1=" " ind2=" ">
    <subfield code="a">VDB</subfield>
  </datafield>
  <datafield tag="980" ind1=" " ind2=" ">
    <subfield code="a">I:(DE-Ds200)PPH-20051214OR027</subfield>
  </datafield>
  <datafield tag="980" ind1=" " ind2=" ">
    <subfield code="a">UNRESTRICTED</subfield>
  </datafield>
</record>
</collection>